000 00927nam a2200253Ia 4500
003 OSt
005 20220923210953.0
006 a|||||r|||| 00| 0
007 ta
008 220922b |||||||| |||| 00| 0 hin d
020 _a8126308877 (hbk)
_c200
024 _a241,188
037 _bL/001094-R, 11/03/2010, Bharatiya Gyanpith
_cTextual
040 _aARTS
_cARTS
_bhin
041 _2hin
_ahin
082 _aNW44,N, 152P3;P6
100 _aरामकृष्ण
_9156277
245 0 _aफिल्मी जगत में अर्धशती का रोमांच
246 _aFilmī jagat mean ardhashatī kā romāancha
260 _aनयी दिल्ली
_b भारतीय ज्ञानपीठ
_c2006
300 _a279पृ.
_ccm.
942 _hNW44,N, 152P3;P6
_cTEXL
_2CC
999 _c293309
_d293309